[Event "Sofia-ch U26"]
[Site "Sofia"]
[Date "2013.11.10"]
[Round "7"]
[White "Bozilov, Dragan"]
[Black "Krustev, Vasil"]
[Result "0-1"]
[WhiteElo "1968"]
[BlackElo "2106"]
[PlyCount "170"]
[EventDate "2013.11.06"]
[EventType "swiss"]
[EventRounds "7"]
[EventCountry "BUL"]
[SourceTitle "EXT 2015"]
[Source "ChessBase"]
[SourceDate "2014.11.20"]
[SourceVersion "1"]
[SourceVersionDate "2014.11.20"]
[SourceQuality "1"]

1. e4 c5 2. Nf3 Nf6 3. Nc3 d5 4. exd5 Nxd5 5. Bb5+ Bd7 6. Bxd7+ Qxd7 7. 0-0 Nc6 8. Re1 e6 9. b3 Be7 10. Ne4 Nf6 11. Bb2 0-0 12. Nxf6+ Bxf6 13. Bxf6 gxf6 14. Re4 Ne7 15. Qe2 Rad8 16. Qe3 Qd5 17. Rg4+ Kh8 18. Qh6 Ng6 19. Rg5 Qxf3 20. Rxg6 Rg8 21. Rg3 Qf5 22. Re1 Rg6 23. Rxg6 Qxg6 24. Qxg6 hxg6 25. d3 f5 26. f4 Kg7 27. Kf2 Kf6 28. h4 b5 29. Re3 b4 30. Re5 Rc8 31. Ke3 Ke7 32. Kd2 Kd6 33. Re3 Rc6 34. Kc1 Kd5 35. h5 Kd4 36. Kd2 gxh5 37. Rh3 Rc8 38. Rg3 h4 39. Rg7 Rf8 40. Rg5 a6 41. Rg7 e5 42. Rg5 f6 43. Rg7 exf4 44. Rd7+ Ke5 45. Ke2 Rg8 46. Kf2 Rg3 47. Rh7 Rg4 48. Rc7 Rg3 49. Rh7 Rg4 50. Rd7 Rg8 51. Rh7 Rb8 52. Rxh4 Rb5 53. Kf3 Ra5 54. Rxf4 Rxa2 55. Rc4 Ra5 56. Rf4 Ra2 57. Rc4 Ra5 58. Rf4 Rb5 59. Rc4 a5 60. g3 Kd5 61. Rf4 Ke6 62. Rc4 Ke5 63. Ke3 Kd6 64. Kf4 Ke6 65. Kf3 Ke5 66. Ke3 a4 67. bxa4 Ra5 68. Kf3 Kd5 69. Kf4 Rxa4 70. Kxf5 Ra6 71. Kf4 Re6 72. Kf3 Re5 73. Rf4 Ke6 74. Rc4 Kd5 75. Rh4 Re1 76. Rc4 Rd1 77. Ke2 Rg1 78. Kf3 Rh1 79. Kg2 Rd1 80. Rf4 Rd2+ 81. Rf2 Rxf2+ 82. Kxf2 Kd4 83. Ke2 Kc3 84. Kd1 b3 85. cxb3 Kxd3 0-1

[Event "Sofia-ch U26"]
[Site "Sofia"]
[Date "2013.11.06"]
[Round "1"]
[White "Diklyovski, Ivan"]
[Black "Krustev, Vasil"]
[Result "0-1"]
[WhiteElo "1719"]
[BlackElo "2106"]
[PlyCount "96"]
[EventDate "2013.11.06"]
[EventType "swiss"]
[EventRounds "7"]
[EventCountry "BUL"]
[SourceTitle "EXT 2015"]
[Source "ChessBase"]
[SourceDate "2014.11.20"]
[SourceVersion "1"]
[SourceVersionDate "2014.11.20"]
[SourceQuality "1"]

1. e4 e6 2. d4 d5 3. e5 c5 4. c3 Ne7 5. Bd3 Nec6 6. Nf3 Nd7 7. Be3 c4 8. Bc2 b5 9. 0-0 Nb6 10. Nbd2 b4 11. h4 Be7 12. h5 Ba6 13. Qb1 Rb8 14. Qd1 Bb5 15. a4 Ba6 16. Qe2 Nd7 17. Rfb1 Qa5 18. h6 g6 19. Rc1 bxc3 20. bxc3 Qxc3 21. Bxg6 Qa5 22. Bxf7+ Kxf7 23. Ng5+ Bxg5 24. Qh5+ Kf8 25. Qxg5 Rg8 26. Qh5 Nxd4 27. Bxd4 Qxd2 28. Be3 Qd3 29. Bxa7 Rb3 30. Qh4 Ke8 31. Be3 Nxe5 32. Qh3 Qf5 33. Qxf5 exf5 34. Rd1 Nd3 35. Rd2 c3 36. Rc2 Rg4 37. f3 Rc4 38. Rd1 Nb4 39. Re2 c2 40. Bc1+ Kd7 41. Rde1 Nd3 42. Re7+ Kc6 43. R1e6+ Kc5 44. Be3+ d4 45. Bd2 c1Q+ 46. Bxc1 Rxc1+ 47. Kh2 Rb7 48. Rxb7 Bxb7 0-1

[Event "Sunny Beach op 10th"]
[Site "Sunny Beach"]
[Date "2011.09.04"]
[Round "9"]
[White "Drenchev, Petar"]
[Black "Krustev, Vasil"]
[Result "1-0"]
[WhiteElo "2523"]
[BlackElo "2025"]
[PlyCount "69"]
[EventDate "2011.08.27"]
[EventType "swiss"]
[EventRounds "9"]
[EventCountry "BUL"]
[SourceTitle "CBM 144 Extra"]
[Source "ChessBase"]
[SourceDate "2011.10.28"]
[SourceVersion "1"]
[SourceVersionDate "2011.10.28"]
[SourceQuality "1"]

1. d4 Nf6 2. c4 g6 3. Nc3 d5 4. Bf4 Bg7 5. e3 0-0 6. Rc1 Bf5 7. Qb3 c5 8. Qxb7 cxd4 9. exd4 Nbd7 10. Nf3 dxc4 11. Bxc4 Nb6 12. Bb3 Bc8 13. Qc7 Ba6 14. Qxd8 Raxd8 15. Be3 Nc4 16. Bxc4 Bxc4 17. Ne5 Ba6 18. f4 Nd5 19. Nxd5 Rxd5 20. Kf2 Bxe5 21. dxe5 g5 22. Rhd1 Rxd1 23. Rxd1 gxf4 24. Bxa7 Rc8 25. Rd2 e6 26. Bd4 Bb7 27. Bc3 Bd5 28. a4 Kf8 29. a5 Ke7 30. Bd4 Rg8 31. g3 fxg3+ 32. hxg3 h5 33. a6 h4 34. gxh4 Rg4 35. a7 1-0

[Event "Sunny Beach op 10th"]
[Site "Sunny Beach"]
[Date "2011.08.31"]
[Round "5"]
[White "Bombek, Peter"]
[Black "Krustev, Vasil"]
[Result "0-1"]
[WhiteElo "2186"]
[BlackElo "2025"]
[PlyCount "88"]
[EventDate "2011.08.27"]
[EventType "swiss"]
[EventRounds "9"]
[EventCountry "BUL"]
[SourceTitle "CBM 144 Extra"]
[Source "ChessBase"]
[SourceDate "2011.10.28"]
[SourceVersion "1"]
[SourceVersionDate "2011.10.28"]
[SourceQuality "1"]

1. e4 c6 2. d4 d6 3. Nf3 Nf6 4. Bd3 Bg4 5. 0-0 Nbd7 6. Be3 e5 7. Nbd2 Be7 8. h3 Bh5 9. c3 0-0 10. b4 d5 11. exd5 cxd5 12. dxe5 Nxe5 13. Be2 Qc7 14. Bd4 Nc6 15. Be3 Ne4 16. Nxe4 dxe4 17. Nd4 Bg6 18. Nxc6 Qxc6 19. Qb3 Bf6 20. Rac1 Bf5 21. Bc4 Be5 22. f4 exf3 23. Rxf3 Be4 24. Bxf7+ Kh8 25. b5 Qc7 26. b6 axb6 27. Bxb6 Qb8 28. Rf2 Bg3 29. Bd5 Bxf2+ 30. Bxf2 Qf4 31. Rc2 Bxc2 32. Qxc2 Rad8 33. Bf3 Rd2 34. Qb3 Qf7 35. Qxf7 Rxf7 36. a4 Rxf3 37. gxf3 Rd3 38. Kg2 Rxc3 39. a5 Kg8 40. Kg3 Kf7 41. h4 g6 42. Bb6 Rc4 43. f4 h5 44. Kf3 Ke6 0-1

[Event "Sunny Beach op 10th"]
[Site "Sunny Beach"]
[Date "2011.08.29"]
[Round "3"]
[White "Rosenkilde, Alexander"]
[Black "Krustev, Vasil"]
[Result "0-1"]
[WhiteElo "2235"]
[BlackElo "2025"]
[PlyCount "118"]
[EventDate "2011.08.27"]
[EventType "swiss"]
[EventRounds "9"]
[EventCountry "BUL"]
[SourceTitle "CBM 144 Extra"]
[Source "ChessBase"]
[SourceDate "2011.10.28"]
[SourceVersion "1"]
[SourceVersionDate "2011.10.28"]
[SourceQuality "1"]

1. d4 Nf6 2. c4 g6 3. Nc3 d5 4. cxd5 Nxd5 5. e4 Nxc3 6. bxc3 Bg7 7. Bc4 c5 8. Ne2 Nc6 9. Be3 0-0 10. 0-0 Qc7 11. Rc1 Bd7 12. dxc5 Ne5 13. Bd5 Rad8 14. Qc2 e6 15. Bb3 Ng4 16. Bf4 Be5 17. g3 Qxc5 18. Bd2 Bg7 19. h3 Ne5 20. Be3 Qa5 21. f4 Nc6 22. Rcd1 Qh5 23. Kg2 Na5 24. Bxa7 Nxb3 25. axb3 Bc6 26. Nd4 Bxd4 27. Bxd4 f5 28. Kh2 Bxe4 29. Qf2 h6 30. Ra1 g5 31. Ra2 Ra8 32. Rfa1 Rxa2 33. Qxa2 b5 34. Qf2 Ra8 35. Re1 Bd5 36. c4 bxc4 37. bxc4 Bxc4 38. Bb2 Rd8 39. Ba1 Qf7 40. Qb2 Kh7 41. Rc1 Qd7 42. Rd1 Bd5 43. Qe5 Rc8 44. Rd2 Rc1 45. g4 Rh1+ 46. Kg3 gxf4+ 47. Kxf4 Rf1+ 48. Kg3 f4+ 49. Kh4 Qe7+ 50. Kh5 Qf7+ 51. Kh4 Rxa1 52. Rc2 Qe7+ 53. Kh5 Qg5+ 54. Qxg5 hxg5 55. Kxg5 f3 56. Rc7+ Kg8 57. Kf6 Ra8 58. Rg7+ Kh8 59. Kg6 Rg8 0-1

[Event "EU-chT U18"]
[Site "Iasi"]
[Date "2011.07.17"]
[Round "3.4"]
[White "Schreiner, Till"]
[Black "Krustev, Vasil"]
[Result "1-0"]
[WhiteElo "2140"]
[BlackElo "2025"]
[PlyCount "47"]
[EventDate "2011.07.15"]
[EventType "team-swiss"]
[EventRounds "7"]
[EventCountry "ROU"]
[SourceTitle "CBM 143 Extra"]
[Source "ChessBase"]
[SourceDate "2011.08.29"]
[SourceVersion "1"]
[SourceVersionDate "2011.08.29"]
[SourceQuality "1"]
[WhiteTeam "Germany U18"]
[BlackTeam "Bulgaria U18"]
[WhiteTeamCountry "GER"]
[BlackTeamCountry "BUL"]

1. d4 Nf6 2. c4 g6 3. Nc3 d5 4. Nf3 Bg7 5. Bf4 0-0 6. Rc1 c5 7. dxc5 Qa5 8. cxd5 Qxc5 9. e3 Rd8 10. Be2 Nc6 11. e4 Qb4 12. Bd2 Nd4 13. Nb5 Nxf3+ 14. gxf3 Qxb2 15. Bc3 Qxa2 16. Ra1 Nxe4 17. Bxg7 Qd2+ 18. Qxd2 Nxd2 19. Nc7 Nb3 20. Nxa8 Nxa1 21. Bxa1 Bh3 22. Nc7 f6 23. Kd2 Rd7 24. Rc1 1-0

[Event "EU-chT U18"]
[Site "Iasi"]
[Date "2011.07.15"]
[Round "1.4"]
[White "Krustev, Vasil"]
[Black "Stanciu, Alexandru Ovidiu"]
[Result "1/2-1/2"]
[WhiteElo "2025"]
[BlackElo "2369"]
[PlyCount "160"]
[EventDate "2011.07.15"]
[EventType "team-swiss"]
[EventRounds "7"]
[EventCountry "ROU"]
[SourceTitle "CBM 143 Extra"]
[Source "ChessBase"]
[SourceDate "2011.08.29"]
[SourceVersion "1"]
[SourceVersionDate "2011.08.29"]
[SourceQuality "1"]
[WhiteTeam "Bulgaria U18"]
[BlackTeam "Romania U18"]
[WhiteTeamCountry "BUL"]
[BlackTeamCountry "ROU"]

1. d4 Nf6 2. c4 c5 3. d5 e6 4. Nc3 exd5 5. cxd5 d6 6. Nf3 g6 7. g3 Bg7 8. Bg2 0-0 9. 0-0 a6 10. a4 Re8 11. Nd2 Nbd7 12. Nc4 Ne5 13. Nxe5 Rxe5 14. Bf4 Re8 15. Qc2 b6 16. Rab1 Ra7 17. e4 Nh5 18. Be3 f5 19. exf5 Bxf5 20. Be4 Rf7 21. Bxf5 gxf5 22. Ne2 Qd7 23. b4 Re4 24. bxc5 bxc5 25. Rb8+ Rf8 26. Rxf8+ Kxf8 27. Nc3 Rb4 28. Qe2 Qe8 29. Qxa6 Bxc3 30. Qxd6+ Kf7 31. Qxc5 Qe5 32. Rc1 f4 33. Rxc3 Rb1+ 34. Bc1 fxg3 35. hxg3 Nf6 36. Qc7+ Qxc7 37. Rxc7+ Ke8 38. d6 Nd5 39. Rc4 Nb6 40. Rc2 Ra1 41. Kg2 Rxa4 42. Rc7 Nd7 43. Be3 Ra5 44. Rc8+ Kf7 45. Rh8 h5 46. Rh7+ Ke6 47. Bf4 Nf8 48. Re7+ Kf6 49. Bd2 Rc5 50. Bb4 Rc4 51. Ba3 Rc2 52. Bb4 Rc4 53. Bd2 Rc2 54. Be3 Ne6 55. Rh7 Rc6 56. Rxh5 Rxd6 57. g4 Rd3 58. Kf3 Ra3 59. Rh6+ Kf7 60. Rh5 Kf6 61. Rf5+ Kg6 62. Kg3 Rb3 63. Re5 Kf6 64. f4 Ra3 65. Kf3 Nd4+ 66. Ke4 Ne2 67. g5+ Kg6 68. f5+ Kh5 69. f6 Kg6 70. Kf3 Nd4+ 71. Kg4 Nc6 72. Re8 Kf7 73. Rf8+ Kxf8 74. Bc5+ Kf7 75. Bxa3 Ne5+ 76. Kh5 Ng6 77. Bd6 Nh8 78. Kh6 Ng6 79. Bg3 Nf8 80. Bd6 Ng6 1/2-1/2

[Event "Albena op 19th"]
[Site "Albena"]
[Date "2011.06.28"]
[Round "4"]
[White "Krustev, Vasil"]
[Black "Stoma, Pawel"]
[Result "0-1"]
[WhiteElo "2025"]
[BlackElo "2326"]
[PlyCount "132"]
[EventDate "2011.06.25"]
[EventType "swiss"]
[EventRounds "9"]
[EventCountry "BUL"]
[SourceTitle "CBM 143 Extra"]
[Source "ChessBase"]
[SourceDate "2011.08.29"]
[SourceVersion "1"]
[SourceVersionDate "2011.08.29"]
[SourceQuality "1"]

1. d4 Nf6 2. c4 c6 3. Nc3 d5 4. Nf3 a6 5. c5 Bf5 6. Bf4 e6 7. e3 Nbd7 8. Be2 h6 9. h3 Be7 10. b4 0-0 11. 0-0 Ne4 12. Nxe4 Bxe4 13. Ne5 Bf6 14. Nxd7 Qxd7 15. a4 Rfe8 16. Bd3 e5 17. dxe5 Bxe5 18. Bxe5 Rxe5 19. Bxe4 Rxe4 20. b5 Rc4 21. bxc6 Qxc6 22. Qb3 Rxc5 23. Rab1 b5 24. axb5 Rxb5 25. Qa3 Rab8 26. Rbc1 Qb7 27. Rfd1 Rc8 28. Rxc8+ Qxc8 29. Qd6 Qc2 30. Rxd5 Rb1+ 31. Kh2 Qxf2 32. Qe5 Rb2 33. Qe4 Qf6 34. Qd3 g6 35. Qd4 Rb6 36. Re5 Kg7 37. Re8 Qxd4 38. exd4 Rd6 39. Ra8 Kf6 40. Kg3 Ke6 41. Kf3 Kd5 42. Ke3 Kc4 43. Rc8+ Kb5 44. Ke4 f6 45. d5 a5 46. Kd4 a4 47. Rc5+ Kb4 48. Rc6 Rxc6 49. dxc6 a3 50. c7 a2 51. c8Q a1Q+ 52. Ke4 Qe5+ 53. Kf3 Qc3+ 54. Qxc3+ Kxc3 55. Ke4 Kc4 56. g4 Kc5 57. h4 Kd6 58. Kf4 Kd5 59. h5 gxh5 60. gxh5 Ke6 61. Ke4 f5+ 62. Kf3 Ke5 63. Ke3 f4+ 64. Kf2 Kf5 65. Kf3 Kg5 66. Ke4 Kg4 0-1

[Event "BUL-ch sf 75th"]
[Site "Plovdiv"]
[Date "2011.02.08"]
[Round "3"]
[White "Janchev, Petar"]
[Black "Krustev, Vasil"]
[Result "1-0"]
[WhiteElo "2161"]
[BlackElo "2019"]
[PlyCount "177"]
[EventDate "2011.02.07"]
[EventType "swiss"]
[EventRounds "9"]
[EventCountry "BUL"]
[SourceTitle "CBM 140 Extra"]
[Source "ChessBase"]
[SourceDate "2011.03.01"]
[SourceVersion "1"]
[SourceVersionDate "2011.03.01"]
[SourceQuality "1"]

1. d4 Nf6 2. Nf3 e6 3. c4 c5 4. d5 b5 5. Bg5 exd5 6. cxd5 d6 7. Nbd2 g6 8. e4 a6 9. a4 b4 10. a5 Bg7 11. Bd3 Bd7 12. Nc4 Bb5 13. Nfd2 0-0 14. 0-0 Nbd7 15. Qc2 Qc7 16. h3 Rac8 17. f4 Rfe8 18. Rae1 Kf8 19. b3 Ng8 20. e5 dxe5 21. f5 e4 22. fxg6 hxg6 23. Bxe4 Bd4+ 24. Kh1 Kg7 25. Bf4 Ne5 26. Nf3 Bxc4 27. bxc4 Qxa5 28. Nxd4 cxd4 29. Bxe5+ Rxe5 30. Rxf7+ Kxf7 31. Bxg6+ Kg7 32. Rxe5 Qa1+ 33. Qb1 Qxb1+ 34. Bxb1 Rxc4 35. d6 Nf6 36. Re7+ Kh6 37. Rf7 d3 38. Bxd3 Rd4 39. Rxf6+ Kg7 40. Rf3 a5 41. Bc2 Rxd6 42. Rf5 Rd2 43. Ba4 Ra2 44. Rxa5 b3 45. Rb5 Rxa4 46. Rxb3 Kg6 47. Rb5 Rc4 48. Kh2 Rc3 49. h4 Ra3 50. g3 Ra1 51. Rg5+ Kh6 52. Kh3 Rb1 53. Re5 Rb4 54. Rf5 Ra4 55. Rf4 Ra8 56. Rf6+ Kg7 57. Re6 Ra5 58. Kg2 Ra3 59. Kf2 Rb3 60. Re3 Rb6 61. g4 Kf6 62. Kf3 Rb1 63. Kf4 Rf1+ 64. Rf3 Rg1 65. Ra3 Rf1+ 66. Kg3 Rg1+ 67. Kf3 Rh1 68. Ra6+ Ke5 69. Ra5+ Kf6 70. g5+ Kg7 71. Kg4 Rc1 72. Ra7+ Kh8 73. Kh5 Rc6 74. g6 Rc5+ 75. Kh6 Rc8 76. h5 Kg8 77. Rg7+ Kh8 78. Rf7 Kg8 79. Rg7+ Kh8 80. Re7 Kg8 81. Kg5 Ra8 82. Re6 Kh8 83. h6 Ra5+ 84. Kf6 Ra8 85. g7+ Kh7 86. Kf7 Ra7+ 87. Re7 Ra8 88. Re8 Ra7+ 89. Kf8 1-0

[Event "Kesarovski Georgiev Memorial 9th"]
[Site "Sunny Beach"]
[Date "2010.09.04"]
[Round "8"]
[White "Ristic, Milan"]
[Black "Krustev, Vasil"]
[Result "1/2-1/2"]
[WhiteElo "2189"]
[BlackElo "2002"]
[PlyCount "167"]
[EventDate "2010.08.28"]
[EventType "swiss"]
[EventRounds "9"]
[EventCountry "BUL"]
[SourceTitle "CBM 138 Extra"]
[Source "ChessBase"]
[SourceDate "2010.10.29"]
[SourceVersion "1"]
[SourceVersionDate "2010.10.29"]
[SourceQuality "1"]

1. d4 Nf6 2. Nf3 g6 3. g3 Bg7 4. Bg2 c5 5. d5 d6 6. 0-0 b5 7. c4 bxc4 8. Nc3 0-0 9. h3 Nbd7 10. e4 Bb7 11. Re1 Nb6 12. Bf4 Nfd7 13. e5 Nxe5 14. Nxe5 dxe5 15. Bxe5 Qd7 16. Bxg7 Kxg7 17. Qe2 Rfe8 18. Rad1 Rad8 19. Qe3 Qc8 20. Qe5+ f6 21. Qe3 a6 22. h4 e6 23. dxe6 Rxd1 24. Nxd1 Bxg2 25. Kxg2 Nd5 26. Qe4 Qc6 27. f3 Qd6 28. Ne3 Nxe3+ 29. Rxe3 Qd2+ 30. Re2 Qd3 31. Re3 Qxe4 32. Rxe4 Rb8 33. e7 Kf7 34. Kf1 Ke8 35. Re2 Rb5 36. h5 Ra5 37. a3 c3 38. h6 cxb2 39. Rxb2 Rxa3 40. Rb8+ Kxe7 41. Rh8 Rxf3+ 42. Kg2 Rd3 43. Rxh7+ Ke6 44. Rh8 Rd7 45. h7 Kf5 46. Rc8 Rxh7 47. Rxc5+ Kg4 48. Rc6 Ra7 49. Rxf6 Kg5 50. Rf4 a5 51. Ra4 Kf5 52. Kf3 Ke5 53. Ke3 Kd5 54. Kd3 Kc5 55. Kc3 Kb5 56. Kb3 g5 57. Rg4 Rg7 58. Ka3 Kc5 59. Kb3 Kd5 60. Kc3 Ke5 61. Kd3 Kf5 62. Ra4 Re7 63. g4+ Ke5 64. Rxa5+ Kf4 65. Ra4+ Kf3 66. Kd2 Re2+ 67. Kd1 Rg2 68. Ra3+ Kxg4 69. Ke1 Rg3 70. Ra5 Kh3 71. Kf1 Rf3+ 72. Kg1 g4 73. Ra1 Rb3 74. Rc1 Kg3 75. Ra1 Kh3 76. Rc1 Ra3 77. Rb1 Rd3 78. Ra1 Rc3 79. Rb1 Rc2 80. Rb3+ g3 81. Rb1 Rg2+ 82. Kh1 Re2 83. Kg1 Re3 84. Ra1 1/2-1/2

[Event "Kesarovski Georgiev Memorial 9th"]
[Site "Sunny Beach"]
[Date "2010.08.30"]
[Round "3"]
[White "Durovka, Stefan"]
[Black "Krustev, Vasil"]
[Result "0-1"]
[WhiteElo "1835"]
[BlackElo "2002"]
[PlyCount "152"]
[EventDate "2010.08.28"]
[EventType "swiss"]
[EventRounds "9"]
[EventCountry "BUL"]
[SourceTitle "CBM 138 Extra"]
[Source "ChessBase"]
[SourceDate "2010.10.29"]
[SourceVersion "1"]
[SourceVersionDate "2010.10.29"]
[SourceQuality "1"]

1. Nf3 Nf6 2. Nc3 d5 3. d4 e6 4. Bg5 Be7 5. Bxf6 Bxf6 6. e4 dxe4 7. Nxe4 0-0 8. Nxf6+ Qxf6 9. Bd3 b6 10. Be4 c6 11. Qd3 h6 12. 0-0 Bb7 13. c3 Rd8 14. Qe3 Nd7 15. Rfd1 b5 16. h3 Nb6 17. Ne5 Nd5 18. Bxd5 cxd5 19. Qg3 Rac8 20. Rd3 Qg5 21. Qxg5 hxg5 22. Re3 b4 23. Nf3 bxc3 24. bxc3 Rc4 25. Rb1 Ba6 26. Ne5 Rc7 27. Rb3 f6 28. Nf3 Kf7 29. Ra3 Bc4 30. Nd2 Rb8 31. Nxc4 dxc4 32. g4 Rb2 33. Ra6 Rb6 34. Ra4 Ke7 35. Kg2 Kd6 36. Kf3 a6 37. Ra5 Rcc6 38. Re2 Rb5 39. Ra4 Kc7 40. Ke4 a5 41. f4 gxf4 42. Kxf4 Kb6 43. h4 Rb1 44. Ke4 Rh1 45. Rb2+ Ka6 46. Rb8 Rxh4 47. d5 Rc5 48. dxe6 Re5+ 49. Kf4 g5+ 50. Kf3 Rh3+ 51. Kg2 Rxc3 52. Ra8+ Kb7 53. R4xa5 Re2+ 54. Kf1 Rb2 55. R5a7+ Kc6 56. Ra6+ Kc7 57. R6a7+ Kd6 58. Rd8+ Kxe6 59. Re8+ Kd6 60. Ra6+ Kd7 61. Re2 Rf3+ 62. Kg2 Rxe2+ 63. Kxf3 Re5 64. Ra3 Kc6 65. Ra6+ Kb5 66. Rxf6 c3 67. a4+ Kxa4 68. Rc6 Kb4 69. Rb6+ Kc4 70. Rb1 c2 71. Ra1 Kb3 72. Ra8 c1Q 73. Rb8+ Ka4 74. Ra8+ Kb5 75. Rb8+ Ka6 76. Rf8 Qf1+ 0-1

[Event "Wch U16"]
[Site "Kemer"]
[Date "2009.11.19"]
[Round "8"]
[White "Krustev, Vasil"]
[Black "Kachiev, Eldar"]
[Result "0-1"]
[WhiteElo "2005"]
[BlackElo "2065"]
[PlyCount "67"]
[EventDate "2009.11.12"]
[EventType "swiss"]
[EventRounds "11"]
[EventCountry "TUR"]
[SourceTitle "EXT 2010"]
[Source "ChessBase"]
[SourceDate "2010.11.25"]
[SourceVersion "1"]
[SourceVersionDate "2010.11.25"]
[SourceQuality "1"]

1. d4 d5 2. c4 c6 3. Nf3 Nf6 4. e3 e6 5. Nc3 Nbd7 6. Be2 Bd6 7. 0-0 0-0 8. b3 Re8 9. Bb2 h6 10. Rc1 Qe7 11. Qc2 dxc4 12. bxc4 e5 13. d5 e4 14. Nd4 Qe5 15. g3 cxd5 16. Ncb5 Qe7 17. Nxd6 Qxd6 18. Nb5 Qc6 19. cxd5 Qxc2 20. Rxc2 Nxd5 21. Rd1 N7b6 22. Bd4 Be6 23. Nd6 Re7 24. Rcc1 f5 25. Bc5 Rd7 26. Nb5 g6 27. Nd4 Bf7 28. a3 Re8 29. Nb3 Rc8 30. Bd4 Na4 31. Na5 Ndc3 32. Bxc3 Rxd1+ 33. Bxd1 b6 34. Nb7 0-1

[Event "Kesarovski Georgiev Memorial 8th"]
[Site "Sunny Beach"]
[Date "2009.09.13"]
[Round "9"]
[White "Angelov, Angel"]
[Black "Krustev, Vasil"]
[Result "1-0"]
[WhiteElo "2236"]
[BlackElo "1975"]
[PlyCount "85"]
[EventDate "2009.09.07"]
[EventType "swiss"]
[EventRounds "9"]
[EventCountry "BUL"]
[SourceTitle "CBM 132 Extra"]
[Source "ChessBase"]
[SourceDate "2009.11.03"]
[SourceVersion "1"]
[SourceVersionDate "2009.11.03"]
[SourceQuality "1"]

1. e4 c6 2. d4 d5 3. Nc3 dxe4 4. Nxe4 Nf6 5. Nxf6+ gxf6 6. Be3 Bf5 7. Bd3 e6 8. Ne2 Nd7 9. Ng3 Bxd3 10. Qxd3 Qc7 11. 0-0-0 0-0-0 12. Kb1 Bd6 13. Ne4 Bf4 14. Qa3 Bxe3 15. fxe3 Kb8 16. Qe7 Rhg8 17. Qxf7 Rxg2 18. Qxe6 Rxh2 19. Qe7 Re2 20. Ng3 Rg2 21. Nf5 Nf8 22. Qxf6 Rg6 23. Qh4 Re8 24. e4 a6 25. e5 Ne6 26. Nd6 Rf8 27. a3 Rg7 28. Qh6 Qd7 29. Ne4 Rf4 30. Nc5 Nxc5 31. Qxf4 Ne6 32. Qh6 Qd5 33. Rhf1 Rg2 34. Qxh7 Ng5 35. Rf8+ Ka7 36. Qg8 Ne6 37. Ra8+ Kb6 38. Qh7 Ng5 39. Qe7 Qe4 40. Qc5+ Kc7 41. Rg8 Qe2 42. Rg7+ Kb8 43. Rh1 1-0

[Event "Kesarovski Georgiev Memorial 8th"]
[Site "Sunny Beach"]
[Date "2009.09.12"]
[Round "8"]
[White "Asparuhov, Parvan"]
[Black "Krustev, Vasil"]
[Result "0-1"]
[WhiteElo "2125"]
[BlackElo "1975"]
[PlyCount "66"]
[EventDate "2009.09.07"]
[EventType "swiss"]
[EventRounds "9"]
[EventCountry "BUL"]
[SourceTitle "CBM 132 Extra"]
[Source "ChessBase"]
[SourceDate "2009.11.03"]
[SourceVersion "1"]
[SourceVersionDate "2009.11.03"]
[SourceQuality "1"]

1. e4 c6 2. Nc3 d5 3. Nf3 Bg4 4. h3 Bxf3 5. Qxf3 Nf6 6. d3 e6 7. g3 Bb4 8. Bd2 d4 9. Nb1 Bxd2+ 10. Nxd2 Nbd7 11. Bg2 0-0 12. 0-0 g6 13. Qe2 e5 14. Nb3 c5 15. f4 Nh5 16. Kh2 Rc8 17. Nd2 Qe7 18. Rad1 b5 19. b3 Rce8 20. Qf2 Kh8 21. Bf3 exf4 22. Bxh5 fxg3+ 23. Qxg3 gxh5 24. Rf5 Rg8 25. Qf4 Ne5 26. Rxh5 Qd6 27. Rf1 Rg6 28. Kh1 f6 29. Rf5 Qd7 30. Nf3 Nxf3 31. Qxf3 Reg8 32. Kh2 Qg7 33. Rf2 Rg3 0-1

[Event "Kesarovski Georgiev Memorial 8th"]
[Site "Sunny Beach"]
[Date "2009.09.09"]
[Round "3"]
[White "Krustev, Vasil"]
[Black "Ivanov, Stojan Lubomirov"]
[Result "0-1"]
[WhiteElo "1975"]
[BlackElo "2172"]
[PlyCount "110"]
[EventDate "2009.09.07"]
[EventType "swiss"]
[EventRounds "9"]
[EventCountry "BUL"]
[SourceTitle "CBM 132 Extra"]
[Source "ChessBase"]
[SourceDate "2009.11.03"]
[SourceVersion "1"]
[SourceVersionDate "2009.11.03"]
[SourceQuality "1"]

1. d4 d5 2. Nf3 Nf6 3. c4 c6 4. Nc3 dxc4 5. a4 Bf5 6. e3 e6 7. Bxc4 Bb4 8. 0-0 Nbd7 9. Qe2 Bg6 10. Rd1 0-0 11. Bd3 Qe7 12. Na2 Bd6 13. Bxg6 fxg6 14. Bd2 e5 15. Qc4+ Kh8 16. Bb4 e4 17. Ne5 Bxb4 18. Nxd7 Qxd7 19. Nxb4 a5 20. Nc2 Ng4 21. Rd2 Qd6 22. g3 Ne5 23. dxe5 Qxd2 24. Rf1 Qd5 25. Qxd5 cxd5 26. Nd4 Rfe8 27. e6 Rac8 28. Kg2 Kg8 29. b3 Rc3 30. Rd1 Kf8 31. Rb1 Rec8 32. b4 Rc1 33. Rb2 axb4 34. Rxb4 R8c7 35. Rb5 R1c5 36. Rb4 Ke7 37. Nb5 Rc8 38. Nd4 Rb8 39. Rb6 Ra5 40. Nc6+ bxc6 41. Rxb8 Kxe6 42. Rb7 c5 43. Rxg7 d4 44. exd4 cxd4 45. Rxh7 Rxa4 46. Rg7 d3 47. Rxg6+ Kf5 48. Rb6 Ke5 49. h4 Ra1 50. Rb2 Kd4 51. Rb4+ Kc3 52. Rxe4 d2 53. Re3+ Kc4 54. Re4+ Kc5 55. Re5+ Kc6 0-1

[Event "Kesarovski Georgiev Memorial 8th"]
[Site "Sunny Beach"]
[Date "2009.09.08"]
[Round "2"]
[White "Krustev, Vasil"]
[Black "Georgiev, Steljan"]
[Result "1/2-1/2"]
[WhiteElo "1975"]
[BlackElo "2150"]
[PlyCount "63"]
[EventDate "2009.09.07"]
[EventType "swiss"]
[EventRounds "9"]
[EventCountry "BUL"]
[SourceTitle "CBM 132 Extra"]
[Source "ChessBase"]
[SourceDate "2009.11.03"]
[SourceVersion "1"]
[SourceVersionDate "2009.11.03"]
[SourceQuality "1"]

1. d4 Nf6 2. Nf3 d6 3. c4 Nbd7 4. Nc3 e5 5. e4 Be7 6. Be2 0-0 7. 0-0 c6 8. Re1 a6 9. d5 cxd5 10. cxd5 Ne8 11. a4 g6 12. Nd2 f5 13. f3 Bg5 14. Nc4 Bxc1 15. Qxc1 Nb6 16. Nd1 Bd7 17. Nxb6 Qxb6+ 18. Qe3 Qxe3+ 19. Nxe3 fxe4 20. fxe4 Nf6 21. Bd3 b5 22. axb5 Bxb5 23. Bxb5 axb5 24. Rxa8 Rxa8 25. Nd1 b4 26. Kf2 Ra1 27. Kf3 Kf7 28. h3 Ke7 29. Ke3 Kd7 30. Rf1 Ke7 31. Kd3 Kd7 32. Ke3 1/2-1/2

[Event "Kesarovski Georgiev Memorial 8th"]
[Site "Sunny Beach"]
[Date "2009.09.07"]
[Round "1"]
[White "Fuksik, Jakub"]
[Black "Krustev, Vasil"]
[Result "1/2-1/2"]
[WhiteElo "2158"]
[BlackElo "1975"]
[PlyCount "105"]
[EventDate "2009.09.07"]
[EventType "swiss"]
[EventRounds "9"]
[EventCountry "BUL"]
[SourceTitle "CBM 132 Extra"]
[Source "ChessBase"]
[SourceDate "2009.11.03"]
[SourceVersion "1"]
[SourceVersionDate "2009.11.03"]
[SourceQuality "1"]

1. e4 c6 2. c4 d5 3. exd5 cxd5 4. cxd5 a6 5. Nc3 Nf6 6. Qa4+ Nbd7 7. Bb5 g6 8. Nf3 Bg7 9. 0-0 0-0 10. Bxd7 Bxd7 11. Qh4 Bb5 12. Nxb5 axb5 13. d4 Qxd5 14. a3 Rfe8 15. Bd2 Ne4 16. Bb4 Bf6 17. Qf4 Bxd4 18. Rae1 f5 19. Nxd4 e5 20. Qh4 exd4 21. f3 Nc5 22. Re7 Rxe7 23. Qxe7 Nd3 24. Bd6 Qf7 25. Rd1 Qxe7 26. Bxe7 Nf4 27. Kf2 Ne6 28. Bf6 Ra4 29. Be5 Kf7 30. Rd3 Ke7 31. b4 Ra8 32. Bxd4 Nxd4 33. Rxd4 Rxa3 34. Rd5 Rc3 35. Rxb5 Rc7 36. Rb6 Kd7 37. Kg3 Kc8 38. h4 Rc4 39. h5 gxh5 40. Rf6 h4+ 41. Kh3 Rf4 42. b5 Kc7 43. b6+ Kd7 44. Kh2 Rb4 45. Rxf5 Rxb6 46. Rf7+ Kc6 47. Rf4 h6 48. Rxh4 Kd5 49. Rh5+ Kc4 50. g4 Rf6 51. Kg3 b5 52. f4 b4 53. g5 1/2-1/2